000
00264nam a2200109Ia 4500
008
190914s9999||||xx |||||||||||||| ||und||
100
_a
Reinhard Wilhelm
245
0
_a
Compiler Design
260
_a
New Delhi
_b
Tata McGraw Hill
_c
2000
300
_a
354
942
_c
BK
999
_c
9646
_d
9646